Fish Knowledge - Statistics

General Stats
  • This quiz has been taken 25,699 times
  • The average score is 14 of 20
Answer Stats
Hint Answer % Correct
A group of fish is called a .... School
94%
The largest species of fish {Whale} shark
93%
Organ that fish use to breathe Gills
91%
Sharp-toothed river fish of South America that is highly feared despite rarely attacking humans Piranha
88%
Trout are most closely related to this type of fish Salmon
80%
Poisonous fish served in high-end sushi restaurants {Puffer}fish
77%
Type of fish that killed Steve Irwin Stingray
77%
Sign of the zodiac represented by two fish Pisces
76%
Fish that Hawaiians call "ahi" Tuna
74%
Fish commonly served on pizza and Caesar salads Anchovies
72%
Term for a fin that grows on the top of a fish's body {Dorsal} fin
69%
Country where goldfish were domesticated China
67%
Toxic element found in unhealthy concentrations in some carnivorous fish Mercury
67%
Bible character who was swallowed by a "great fish" Jonah
61%
Deep-sea fish that attracts prey with a luminescent lure {Angler}fish
54%
Fish known to the Japanese as "unagi" Freshwater eel
53%
Country that clashed with the U,K, over fishing rights in the "Cod Wars" Iceland
48%
The largest type of fish that lives in rivers Beluga {sturgeon}
39%
Type of fish that is a traditional British breakfast food Kippers
39%
Nile river fish, starting with T, that is commonly found in fish farms Tilapia
37%
No matching quizzes found
Score Distribution
Percent of People with Each Score
Percentile by Number Answered
Your Score History
You have not taken this quiz